01751nam a22002297a 450000500170000000800410001702000180005804000070007604100080008308200200009110000220011124500610013326000300019430000280022436500600025252109520031265000300126470000230129494200120131799900190132995201730134820220611095012.0211028b ||||| |||| 00| 0 eng d a9781529109887 cAl aEng 223a814.6bGREA aJohn Green941900 aAnthropocene reviewedbEssays on a Human-centered planet aLondonbEbury Pressc2021 a293p.bPBc21.5x13.5cm. aBLCR-000062b₹559.20c₹d₹699.00e20%f04-10-2021 aA deeply moving and mind-expanding collection of personal essays in the first ever work of non-fiction from #1 internationally bestselling author John Green. The Anthropocene is the current geological age, in which human activity has profoundly shaped the planet and its biodiversity. In this remarkable symphony of essays adapted and expanded from his ground-breaking, critically acclaimed podcast, John Green reviews different facets of the human-centered planet - from the QWERTY keyboard and Halley's Comet to Penguins of Madagascar - on a five-star scale. Complex and rich with detail, the Anthropocene's reviews have been praised as 'observations that double as exercises in memoiristic empathy', with over 10 million lifetime downloads. John Green's gift for storytelling shines throughout this artfully curated collection about the shared human experience; it includes beloved essays along with six all-new pieces exclusive to the book. aAmerican literature92101 aGREEN (John)92102 2ddccBK c216773d216773 00102ddc40708ENGaALbALd2021-10-12eNavaKarnataka Publications Pvt.Ltd.g559.20l4m1o814.6 GREAp075018r2024-02-21 00:00:00s2024-02-02v699.00w2021-10-28yBK